000 00749nam a2200193 i 4500
001 25617
003 ES-MaACL
005 20251004063050.0
007 t|
008 021227s1950 sp ||||1| spa d
100 1 _aArco y Garay, Ricardo del,
_d1888-1955
_922507
245 1 3 _aLa erudición española en el siglo XVII y el cronista de Aragón, Andrés de Uztarroz /
_cRicardo del Arco y Garay.
260 _aMadrid :
_bConsejo Superior de Investigaciones Científicas :
_bInstituto Jerónimo Zurita,
_c1950.
300 _a2 t. ;
_c25 cm.
710 2 _aConsejo Superior de Investigaciones Científicas (España)
_93236
710 2 _aInstituto Jerónimo Zurita
_95106
852 _aES-MaACL
_jD-6889-90
_bR.30699
999 _c25617
_d25617